| 000 | 00345nam a22001457a 4500 | ||
|---|---|---|---|
| 008 | 221124b ||||| |||| 00| 0 eng d | ||
| 020 | _a9781284122909 | ||
| 041 | _aeng | ||
| 080 |
_2FOURTH EDITION _a610.73 |
||
| 082 | _a610.73 | ||
| 100 | _a8 | ||
| 101 | _aINF | ||
| 245 |
_aEVIDENCE BASED PRACTICE FOR NURSES _cSHMIDT A.N |
||
| 942 |
_2udc _cBK |
||
| 999 |
_c59021 _d59021 |
||